Central Library OPAC University of Rajshahi

Tableau des racines sémitiques (arabe-hébreu) : (Record no. 56076)

MARC details
000 -LEADER
fixed length control field 00730nam a2200229 a 4500
001 - CONTROL NUMBER
control field 56076
003 - CONTROL NUMBER IDENTIFIER
rucl marc code BD-RjUL
005 - DATE AND TIME OF LATEST TRANSACTION
control field 20211209080341.0
008 - FIXED-LENGTH DATA ELEMENTS--GENERAL INFORMATION
fixed length control field 161126s1944 gw ||||| |||| 00| 0 eng d
035 ## - SYSTEM CONTROL NUMBER
System control number (BD-RjUL)56200
040 ## - CATALOGING SOURCE
Modifying agency BD-RjUL
Original cataloging agency BD-RjUL
Language of cataloging eng
Transcribing agency BD-RjUL
041 ## - LANGUAGE CODE
Language code of text/sound track or separate title eng
082 ## - DEWEY DECIMAL CLASSIFICATION NUMBER
Edition number 23
Classification number 492
Author mark and year VAT 1944
100 1# - MAIN ENTRY--PERSONAL NAME
Personal name Vaux, Baron Carra de.
Dates associated with a name .
9 (RLIN) 166948
245 10 - TITLE STATEMENT
Title Tableau des racines sémitiques (arabe-hébreu) :
Remainder of title accompagnées de comparaisons /
Statement of responsibility, etc. par le Baron Carra de Vaux.
250 ## - EDITION STATEMENT
Edition statement 2e éd.
260 ## - PUBLICATION, DISTRIBUTION, ETC. (IMPRINT)
Place of publication, distribution, etc. Paris :
Name of publisher, distributor, etc. G.P. Maisonneuve,
Date of publication, distribution, etc. 1944.
300 ## - PHYSICAL DESCRIPTION
Pagination 121 p. ;
Size 19 cm.
650 #0 - SUBJECT ADDED ENTRY--TOPICAL TERM
Topical term or geographic name as entry element Semitic languages
General subdivision Etymology.
9 (RLIN) 166949
Topical term or geographic name as entry element Indo-European languages
General subdivision Etymology.
9 (RLIN) 166950
942 ## - ADDED ENTRY ELEMENTS (KOHA)
Source of classification or shelving scheme Dewey Decimal Classification
Koha item type Books
Holdings
Lost status Source of classification or shelving scheme Damaged status Not for loan Collection code Permanent Location Current Location Shelving location Date acquired Source of acquisition Cost, normal purchase price Total Checkouts Full call number Date last seen Copy number Koha item type
  Dewey Decimal Classification     Non-fiction Central Library, University of Rajshahi Central Library, University of Rajshahi   23/01/1963 G. M.Hilali 0.00   492 VAT 1944 26/11/2016 C-2 Books